Les pouvoirs partagés de la République française - Statistiques

Statistiques générales
  • Ce quiz a été pris 4 fois
  • Le résultat moyen est 2 sur 10
Statistiques - réponses
Les pouvoirs partagés % Correct
Nomination des ministres
100%
Droit de grâce individuel
50%
Accréditation des ambassadeurs
25%
actes effectués en tant que chef des armées
0%
actes pour garantir l'indépendance de l'autorité judiciaire
0%
Décisions présidentielles concernant la procédure de révision constitutionnelle
0%
La signature des décrets et ordonnances délibérés en conseil des ministres
0%
Négociation et ratification des traités
0%
ouverture/clôture des sessions parlementaires extraordinaires
0%
Promulgation des lois avec la signature du ministre compétent
0%
Aucun quiz correspondant
Distribution des résultats
% des personnes avec chaque résultat
Percentile par nombre de réponses
Votre historique - résultats
Vous n’avez pas pris ce quiz